书目信息 |
| 题名: |
历史保护与宜居城市
|
|
| 作者: | 阿里森 , 皮特斯 著 ;杨新臣 , 谷晓静 译 | |
| 分册: | ||
| 出版信息: | 北京 电子工业出版社 2016.2 |
|
| 页数: | 244页 | |
| 开本: | 24cm | |
| 丛书名: | ||
| 单 册: | ||
| 中图分类: | TU-87 | |
| 科图分类: | ||
| 主题词: | 古建筑--文物保护--研究 | |
| 电子资源: | ||
| ISBN: | 978-7-121-28062-7 | |
| 000 | 00822nam0 2200253 450 | |
| 001 | 0400001748 | |
| 005 | 20171025164705.18 | |
| 010 | @a978-7-121-28062-7@dCNY68.00 | |
| 100 | @a20160406d2016 em y0chiy50 ea | |
| 101 | 1 | @achi@ceng |
| 102 | @aCN@b110000 | |
| 105 | @aa z 000yy | |
| 106 | @ar | |
| 200 | 1 | @a历史保护与宜居城市@9li shi bao hu yu yi ju cheng shi@b专著@f(美)Eric Allison, Lauren Peters著@g杨新臣, 谷晓静译 |
| 210 | @a北京@c电子工业出版社@d2016.2 | |
| 215 | @a244页@c图,照片@d24cm | |
| 606 | 0 | @a古建筑@x文物保护@x研究 |
| 690 | @aTU-87@v5 | |
| 701 | 1 | @c(美)@a阿里森@9a li sen@gAllison, E.@4著 |
| 701 | 1 | @c(美)@a皮特斯@9pi te si@gPeters, L.@4著 |
| 702 | 0 | @a杨新臣@9yang xin chen@4译 |
| 702 | 0 | @a谷晓静@9gu xiao jing@4译 |
| 801 | 0 | @aCN@b91MARC@c20171019 |
| 905 | @b1030531-5@dTU-87@f5@e159 | |
| 历史保护与宜居城市/(美)Eric Allison, Lauren Peters著/杨新臣, 谷晓静译.-北京:电子工业出版社,2016.2 |
| 244页:图,照片;24cm |
| ISBN 978-7-121-28062-7:CNY68.00 |
| ● |
| 相关链接 |
|
|
|
|
正题名:历史保护与宜居城市
索取号:TU-87/159
 
预约/预借
| 序号 | 登录号 | 条形码 | 馆藏地/架位号 | 状态 | 备注 |
| 1 | 1030531 | 210305310 | 第二样本阅览室/ [索取号:TU-87/159] | 在馆 | |
| 2 | 1030532 | 210305329 | 密集书库-生命科学系/ [索取号:TU-87/159] | 在馆 | |
| 3 | 1030533 | 210305338 | 第三借阅区/ [索取号:TU-87/159] | 在馆 | |
| 4 | 1030534 | 210305347 | 第三借阅区/ [索取号:TU-87/159] | 在馆 | |
| 5 | 1030535 | 210305356 | 第三借阅区/ [索取号:TU-87/159] | 在馆 |